[Event "Copenhagen Chess Challenge 2007"]
[Site "Ballerup"]
[Date "2007.??.??"]
[Round "2"]
[White "Smith, Axel"]
[Black "Rasmussen, Allan Stig"]
[Result "0-1"]
[WhiteElo "2251"]
[BlackElo "2418"]
[PlyCount "132"]
[EventDate "2007.??.??"]
[EventType "swiss"]
[EventRounds "9"]
[EventCountry "DEN"]

1. e4 c6 2. d4 d5 3. Nc3 dxe4 4. Nxe4 Nd7 5. Ng5 Ngf6 6. Bd3 e6 7. N1f3 Bd6 8.
Qe2 h6 9. Ne4 Nxe4 10. Qxe4 Nf6 11. Qe2 Qc7 12. Bd2 b6 13. O-O-O Bb7 14. Ne5 c5
15. Bb5+ Ke7 16. dxc5 bxc5 17. Bc3 Nd5 18. Rxd5 Bxd5 19. Rd1 Kf8 20. Nd7+ Kg8
21. Qg4 Bf4+ 22. Kb1 Bg5 23. Be5 Qb7 24. a4 Bxg2 25. f4 Bf3 26. Qg1 Bxd1 27.
fxg5 Bxc2+ 28. Kxc2 Qe4+ 29. Kc1 hxg5 30. Qxg5 Qh1+ 31. Kc2 Rxh2+ 32. Bxh2
Qxh2+ 33. Kb1 Qf2 34. Nxc5 Rc8 35. Nd3 Qd4 36. Qe7 Rb8 37. Nc5 Rc8 38. Nd3 a5
39. Qb7 Qd8 40. Qg2 Qd6 41. Qd2 e5 42. Qxa5 e4 43. Qb4 Qd5 44. Ba6 Rc6 45. Qb8+
Kh7 46. Bb5 Rg6 47. Nc1 Rg2 48. Qc8 f5 49. Bc4 Qe5 50. Qg8+ Kg6 51. Qe6+ Qxe6
52. Bxe6 e3 53. Bc4 f4 54. a5 f3 55. a6 e2 56. a7 e1=Q 57. a8=Q Qe5 58. Bd3+
Kg5 59. Bc2 Kg4 60. Nd3 Qf6 61. Qe4+ Kg3 62. Qe3 Kh2 63. Ne1 f2 64. Nf3+ Kh1
65. Qe4 f1=Q+ 66. Ne1 Qxe1+ 0-1

[Event "Copenhagen Chess Challenge 2007"]
[Site "Ballerup"]
[Date "2007.??.??"]
[Round "3"]
[White "Grandelius, Nils"]
[Black "Semcesen, Daniel"]
[Result "1-0"]
[WhiteElo "2192"]
[BlackElo "2306"]
[PlyCount "119"]
[EventDate "2007.??.??"]
[EventType "swiss"]
[EventRounds "9"]
[EventCountry "DEN"]

1. e4 e5 2. Nc3 Nf6 3. Nf3 Nc6 4. a3 d6 5. d4 Be7 6. dxe5 dxe5 7. Qxd8+ Bxd8 8.
Bb5 Nd7 9. Be3 a6 10. Ba4 f6 11. Ke2 Nf8 12. Rhd1 Bg4 13. h3 Bh5 14. Nd5 Bg6
15. Nd2 b5 16. Bb3 Na5 17. Ba2 c6 18. Nb4 Nd7 19. Be6 Nb6 20. b3 Ke7 21. Bf5
Be8 22. Nf3 Bc7 23. h4 Nb7 24. Nd2 g6 25. Bh3 h5 26. Nd3 Nd7 27. a4 Bd6 28.
axb5 cxb5 29. c4 Bf7 30. Rdc1 bxc4 31. Nxc4 Be6 32. Bxe6 Kxe6 33. Nxd6 Nxd6 34.
Rc6 Ke7 35. Nc5 Rhd8 36. Raxa6 Rxa6 37. Rxa6 Nf8 38. Bh6 Nb5 39. Bxf8+ Rxf8 40.
Re6+ Kf7 41. Rb6 Nd4+ 42. Kd3 Ra8 43. Rb7+ Ke8 44. Nd7 Kd8 45. Nxf6 Ra2 46.
Rd7+ Kc8 47. Rg7 Rxf2 48. Rxg6 Rf4 49. g3 Rf3+ 50. Kc4 Rxb3 51. Nxh5 Kd7 52.
Rg5 Kd6 53. Ng7 Rf3 54. Rg6+ Ke7 55. g4 Ne2 56. Nf5+ Kf7 57. Rg7+ Kf8 58. Ra7
Rf4 59. Kd5 Rxg4 60. Ra8+ 1-0

[Event "Copenhagen Chess Challenge 2007"]
[Site "Ballerup"]
[Date "2007.??.??"]
[Round "3"]
[White "Hansen, Martin"]
[Black "Smith, Axel"]
[Result "1/2-1/2"]
[WhiteElo "2050"]
[BlackElo "2251"]
[PlyCount "139"]
[EventDate "2007.??.??"]
[EventType "swiss"]
[EventRounds "9"]
[EventCountry "DEN"]

1. e4 c5 2. c3 Nf6 3. e5 Nd5 4. Nf3 Nc6 5. Bc4 Nb6 6. Bb3 d5 7. exd6 e6 8. O-O
Bxd6 9. d4 O-O 10. Be3 cxd4 11. Nxd4 Nxd4 12. Bxd4 Qc7 13. h3 e5 14. Be3 Bf5
15. Bc2 Bxc2 16. Qxc2 f5 17. Qb3+ Kh8 18. Bxb6 axb6 19. Nd2 e4 20. Qc4 Qe7 21.
Rfe1 Qe5 22. Nf1 Rac8 23. Qe2 Rf6 24. Rad1 Rg6 25. Rd4 Qe6 26. Red1 Rc6 27. b4
Qe7 28. Qb5 f4 29. Qf5 Re6 30. Re1 Re5 31. Qxf4 Bc7 32. Red1 Ree6 33. Qe3 b5
34. Rd7 Qf6 35. Qd4 Qxd4 36. R7xd4 h6 37. Re1 Rxc3 38. Rdxe4 Rxe4 39. Rxe4 Rc2
40. Re7 Bd6 41. Rxb7 Bxb4 42. Rxb5 Bc5 43. Ne3 Bxe3 44. fxe3 Rxa2 45. Rb7 Kh7
46. Kh2 Re2 47. Re7 Rf2 48. Kg3 Rf1 49. Re6 Kg8 50. h4 Kf7 51. Re4 Ra1 52. Kg4
Ra2 53. g3 Ra3 54. Kf4 Kf6 55. Rb4 Ra6 56. h5 g6 57. hxg6 Kxg6 58. e4 Rf6+ 59.
Kg4 h5+ 60. Kh4 Re6 61. Ra4 Kh6 62. g4 hxg4 63. Kxg4 Kg6 64. Kf4 Rb6 65. Ra5
Kf6 66. Rf5+ Ke7 67. Rh5 Rf6+ 68. Rf5 Rb6 69. Re5+ Kf7 70. Rf5+ 1/2-1/2

[Event "Copenhagen Chess Challenge 2007"]
[Site "Ballerup"]
[Date "2007.??.??"]
[Round "3"]
[White "Haubro, Sigfred"]
[Black "Hartsteen, Mark"]
[Result "1-0"]
[WhiteElo "2185"]
[BlackElo "1973"]
[PlyCount "129"]
[EventDate "2007.??.??"]
[EventType "swiss"]
[EventRounds "9"]
[EventCountry "DEN"]

1. Nf3 Nf6 2. b3 b6 3. Bb2 Bb7 4. e3 e6 5. Be2 Be7 6. O-O O-O 7. c4 c5 8. d4
Qc7 9. Nc3 d6 10. Nd2 Nbd7 11. f4 a6 12. Bf3 Bxf3 13. Qxf3 cxd4 14. exd4 Rab8
15. Rac1 e5 16. Nd5 Nxd5 17. cxd5 Qb7 18. dxe5 dxe5 19. fxe5 Bc5+ 20. Kh1 Rbe8
21. Rce1 Bb4 22. Rf2 Qc7 23. Qe4 Bc3 24. Bxc3 Qxc3 25. Nf3 Nc5 26. Qc2 Qb4 27.
Rd2 h6 28. Rd4 Qb5 29. b4 Na4 30. Qc6 Rd8 31. Qxb5 axb5 32. Rc1 Nb2 33. Rc7 Nc4
34. h3 Rfe8 35. Rf4 Nxe5 36. Nxe5 Rxe5 37. Rfxf7 Rg5 38. Rfd7 Re8 39. Rc2 Re1+
40. Kh2 Rd1 41. Rd6 Rdxd5 42. Rxb6 Rd4 43. a3 Rd3 44. Rc5 Rxc5 45. bxc5 Rxa3
46. Rxb5 Rc3 47. Kg1 Rc2 48. Kh2 Rc3 49. g4 Kf7 50. h4 Ke7 51. Rb7+ Kf8 52. Rc7
Kg8 53. Kg2 Kh7 54. Kf2 Kg6 55. Rc6+ Kh7 56. g5 hxg5 57. hxg5 Rc4 58. Kf3 Rc1
59. Ke4 Rg1 60. g6+ Kh6 61. Rd6 Rc1 62. Kd5 Rd1+ 63. Kc6 Ra1 64. Kb7 Rb1+ 65.
Kc8 1-0

[Event "Copenhagen Chess Challenge 2007"]
[Site "Ballerup"]
[Date "2007.??.??"]
[Round "3"]
[White "Ivanov, Mikhail"]
[Black "Mikkelsen, Nikolaj"]
[Result "1-0"]
[WhiteElo "2450"]
[BlackElo "2305"]
[PlyCount "49"]
[EventDate "2007.??.??"]
[EventType "swiss"]
[EventRounds "9"]
[EventCountry "DEN"]

1. d4 Nf6 2. Nf3 g6 3. c4 Bg7 4. Nc3 d5 5. cxd5 Nxd5 6. Bd2 Nb6 7. Bg5 Bg4 8.
e3 O-O 9. h3 Bxf3 10. Qxf3 h6 11. Bh4 c5 12. dxc5 Na4 13. Rc1 Nxc5 14. Nd5 Nbd7
15. Bxe7 Qa5+ 16. b4 Qa3 17. Qd1 Ne4 18. Bxf8 Bxf8 19. Bd3 Bxb4+ 20. Nxb4 Qxb4+
21. Kf1 Nec5 22. Be2 Qa3 23. Qc2 b6 24. Kg1 Nf6 25. Kh2 1-0

[Event "Copenhagen Chess Challenge 2007"]
[Site "Ballerup"]
[Date "2007.??.??"]
[Round "3"]
[White "Mejvik, Jacob"]
[Black "Akdag, Dara Sevkan"]
[Result "1/2-1/2"]
[WhiteElo "2003"]
[BlackElo "2018"]
[PlyCount "73"]
[EventDate "2007.??.??"]
[EventType "swiss"]
[EventRounds "9"]
[EventCountry "DEN"]

1. e4 c5 2. Nf3 d6 3. d4 cxd4 4. Nxd4 Nf6 5. Nc3 a6 6. Be3 e6 7. f3 b5 8. Qd2
Nbd7 9. O-O-O Bb7 10. g4 Nb6 11. h4 Rc8 12. h5 Nfd7 13. g5 Ne5 14. Qg2 Rxc3 15.
bxc3 Nbc4 16. Bxc4 Nxc4 17. Rd3 Qa5 18. g6 hxg6 19. hxg6 Rxh1+ 20. Qxh1 Qxa2
21. gxf7+ Kd7 22. Nb3 Qb2+ 23. Kd1 Qb1+ 24. Bc1 Nb2+ 25. Kd2 Nxd3 26. Kxd3 d5
27. e5 d4 28. Qh8 Ke7 29. Qg8 Bxf3 30. Bg5+ Kd7 31. Qxf8 Qf1+ 32. Kxd4 Qc4+ 33.
Ke3 Qe2+ 34. Kf4 Qe4+ 35. Kg3 Qg4+ 36. Kf2 Qg2+ 37. Ke3 1/2-1/2

[Event "Copenhagen Chess Challenge 2007"]
[Site "Ballerup"]
[Date "2007.??.??"]
[Round "3"]
[White "Nilsson, Sebastian"]
[Black "Nielsen, Jan Mose"]
[Result "0-1"]
[WhiteElo "2278"]
[BlackElo "2131"]
[PlyCount "74"]
[EventDate "2007.??.??"]
[EventType "swiss"]
[EventRounds "9"]
[EventCountry "DEN"]

1. e4 c5 2. Nf3 d6 3. d4 cxd4 4. Nxd4 Nf6 5. Nc3 a6 6. Bc4 e6 7. O-O Be7 8. Bb3
Nc6 9. f4 Nxd4 10. Qxd4 Qc7 11. Qd3 b5 12. f5 O-O 13. Kh1 b4 14. Ne2 a5 15.
fxe6 Bxe6 16. Nd4 Bc8 17. Qf3 Bb7 18. Re1 a4 19. Bd5 Nxd5 20. exd5 Bf6 21. Nf5
a3 22. Qb3 Qc5 23. Rd1 Ra5 24. Be3 Bxd5 25. Bxc5 Bxb3 26. Bxb4 Bxc2 27. Bxa5
axb2 28. Rab1 Bxf5 29. Bb4 Bxb1 30. Rxb1 Rc8 31. Ba3 Rc2 32. Kg1 Be5 33. Kf1 f5
34. h3 Kf7 35. g3 Ke6 36. Ke1 Kd5 37. Kd1 Rg2 0-1

[Event "Copenhagen Chess Challenge 2007"]
[Site "Ballerup"]
[Date "2007.??.??"]
[Round "3"]
[White "Peschardt, Soren"]
[Black "Nicolajsen, Esben"]
[Result "1-0"]
[WhiteElo "2152"]
[BlackElo "1887"]
[PlyCount "89"]
[EventDate "2007.??.??"]
[EventType "swiss"]
[EventRounds "9"]
[EventCountry "DEN"]

1. d4 Nf6 2. c4 c6 3. Nc3 d5 4. e3 Bf5 5. Nf3 e6 6. Bd2 Nbd7 7. Rc1 Bd6 8. Be2
O-O 9. Nh4 Be4 10. Nxe4 Nxe4 11. Nf3 dxc4 12. Bxc4 Nxd2 13. Qxd2 Bc7 14. O-O
Nb6 15. Bd3 Nd5 16. a3 a5 17. g3 Qf6 18. Kg2 g6 19. h4 Qe7 20. e4 Nb6 21. Rh1
h5 22. e5 Kg7 23. Be4 Rfd8 24. Qe3 Nd7 25. Rhd1 Bb6 26. Qb3 a4 27. Qc4 Ra5 28.
Rd3 Ba7 29. Ng5 c5 30. Rf3 Rf8 31. d5 b5 32. Qc3 b4 33. axb4 cxb4 34. d6 Qd8
35. Qc7 Bb6 36. Rxf7+ Rxf7 37. Nxe6+ Kh6 38. Nxd8 Rxf2+ 39. Kh1 Bxc7 40. dxc7
Nb6 41. Rc6 Nc8 42. Rxg6+ Kh7 43. Rf6+ Kg7 44. Ne6+ Kg8 45. Rxf2 1-0

[Event "Copenhagen Chess Challenge 2007"]
[Site "Ballerup"]
[Date "2007.??.??"]
[Round "3"]
[White "Rasmussen, Allan Stig"]
[Black "Christensen, Bo Garner"]
[Result "1-0"]
[WhiteElo "2418"]
[BlackElo "2242"]
[PlyCount "131"]
[EventDate "2007.??.??"]
[EventType "swiss"]
[EventRounds "9"]
[EventCountry "DEN"]

1. e4 c5 2. d3 Nc6 3. f4 d5 4. Be2 e5 5. Nf3 exf4 6. Bxf4 Be6 7. exd5 Bxd5 8.
Nc3 Nf6 9. Qd2 Be7 10. O-O-O O-O 11. Rhg1 Nd4 12. Kb1 b5 13. Be5 Bc6 14. Nxd4
cxd4 15. Ne4 Ne8 16. Bf3 f5 17. Ng3 Bxf3 18. gxf3 Bf6 19. Rde1 Bxe5 20. Rxe5 f4
21. Ne4 Nc7 22. Qg2 g6 23. Qh3 Rf7 24. Ng5 Rg7 25. Rge1 Qf6 26. Qg4 Rf8 27. a3
a5 28. h4 b4 29. Rxa5 bxa3 30. Rxa3 Re7 31. Re4 h5 32. Qg1 Nb5 33. Rb3 Qa6 34.
c4 dxc3 35. Rxe7 cxb2 36. Kxb2 Ra8 37. Qb1 Qf6+ 38. Kc1 Qxe7 39. Rxb5 Rc8+ 40.
Kd1 Qe3 41. Qb3+ Kh8 42. Qb2+ Kg8 43. Qa2+ Kh8 44. Qb2+ Kg8 45. Re5 Qxd3+ 46.
Ke1 Qa6 47. Re7 Qa5+ 48. Kf1 Qc3 49. Qxc3 Rxc3 50. Re4 Rc1+ 51. Kg2 Rc2+ 52.
Kh3 Ra2 53. Rxf4 Rb2 54. Kg3 Ra2 55. Rf6 Kg7 56. Rf7+ Kg8 57. Rf6 Kg7 58. Rf7+
Kg8 59. Rb7 Re2 60. Rb6 Kg7 61. Ne6+ Kf7 62. Ng5+ Kg7 63. Ne6+ Kf7 64. Nf4 Re1
65. Kg2 Ra1 66. Nxg6 1-0

[Event "Copenhagen Chess Challenge 2007"]
[Site "Ballerup"]
[Date "2007.??.??"]
[Round "3"]
[White "Skovgaard, Peter Nicolai"]
[Black "Gajic, Mladen"]
[Result "1-0"]
[WhiteElo "2243"]
[BlackElo "2094"]
[PlyCount "65"]
[EventDate "2007.??.??"]
[EventType "swiss"]
[EventRounds "9"]
[EventCountry "DEN"]

1. e4 e6 2. d3 d5 3. Nd2 Nf6 4. Ngf3 Be7 5. g3 c5 6. Bg2 Nc6 7. O-O Qc7 8. Re1
b6 9. Nf1 Ba6 10. Bf4 Qb7 11. exd5 exd5 12. Ne3 O-O-O 13. Bh3+ Rd7 14. c4 Kd8
15. Bxd7 Qxd7 16. d4 cxd4 17. Nxd4 Nxd4 18. Qxd4 Bc5 19. Qe5 Re8 20. Qb8+ Qc8
21. Qxc8+ Kxc8 22. Nxd5 Rxe1+ 23. Rxe1 Ng4 24. Ne3 Bxe3 25. Bxe3 Kd7 26. c5 Ne5
27. Rd1+ Ke8 28. cxb6 Nf3+ 29. Kg2 Bb7 30. bxa7 Ng5+ 31. Kf1 Ba6+ 32. Kg1 Nh3+
33. Kg2 1-0

[Event "Copenhagen Chess Challenge 2007"]
[Site "Ballerup"]
[Date "2007.??.??"]
[Round "3"]
[White "Tikkanen, Hans"]
[Black "Lund, Silas"]
[Result "1-0"]
[WhiteElo "2335"]
[BlackElo "2309"]
[PlyCount "65"]
[EventDate "2007.??.??"]
[EventType "swiss"]
[EventRounds "9"]
[EventCountry "DEN"]

1. d4 Nf6 2. c4 e6 3. Nf3 d5 4. Nc3 c6 5. Bg5 h6 6. Bxf6 Qxf6 7. g3 dxc4 8. Ne5
b5 9. Bg2 Bb4 10. a4 bxa4 11. Qxa4 Bxc3+ 12. bxc3 O-O 13. Qb4 Ba6 14. Ra5 Qd8
15. O-O Qb6 16. Rb1 f6 17. Ng6 Qxb4 18. Rxb4 Rf7 19. Nf4 Re7 20. Bf3 g5 21. d5
gxf4 22. dxc6 fxg3 23. c7 Rxc7 24. Bxa8 Nc6 25. Rc5 Nxb4 26. Rxc7 gxf2+ 27.
Kxf2 Nd5 28. Bxd5 exd5 29. Rxa7 Bb5 30. Ra5 Bc6 31. Rc5 Bb7 32. Ke3 Kf7 33.
Rc7+ 1-0

[Event "Copenhagen Chess Challenge 2007"]
[Site "Ballerup"]
[Date "2007.??.??"]
[Round "4"]
[White "Akdag, Dara Sevkan"]
[Black "Nilsson, Sebastian"]
[Result "0-1"]
[WhiteElo "2018"]
[BlackElo "2278"]
[PlyCount "72"]
[EventDate "2007.??.??"]
[EventType "swiss"]
[EventRounds "9"]
[EventCountry "DEN"]

1. d4 d5 2. c4 Nc6 3. e3 e5 4. Nc3 dxc4 5. d5 Nce7 6. Bxc4 Ng6 7. Nge2 Nf6 8.
O-O a6 9. e4 Bc5 10. b4 Bd6 11. h3 b5 12. Bd3 Bxb4 13. a4 Bxc3 14. Nxc3 b4 15.
Ne2 a5 16. f4 exf4 17. Nxf4 O-O 18. Bb2 Nd7 19. Rc1 Ba6 20. Nxg6 hxg6 21. Bxa6
Rxa6 22. Qd4 Rf6 23. Rxf6 Nxf6 24. Qc4 Re8 25. e5 Nxd5 26. Rd1 c6 27. Qxc6 Qb6+
28. Qxb6 Nxb6 29. Rc1 Nxa4 30. Bd4 b3 31. Rc7 Rb8 32. e6 b2 33. Bxb2 Nxb2 34.
e7 Re8 35. Rb7 Na4 36. Rd7 f6 0-1

[Event "Copenhagen Chess Challenge 2007"]
[Site "Ballerup"]
[Date "2007.??.??"]
[Round "4"]
[White "Christensen, Bo Garner"]
[Black "Bekker Jensen, Simon"]
[Result "0-1"]
[WhiteElo "2242"]
[BlackElo "2371"]
[PlyCount "90"]
[EventDate "2007.??.??"]
[EventType "swiss"]
[EventRounds "9"]
[EventCountry "DEN"]

1. e4 c5 2. Nf3 d6 3. d4 Nf6 4. Nc3 cxd4 5. Qxd4 Bd7 6. Bg5 Nc6 7. Qd2 h6 8.
Bf4 e5 9. Be3 Be6 10. h3 Be7 11. Rd1 a6 12. a3 O-O 13. Bd3 Rc8 14. g4 d5 15.
exd5 Nxd5 16. Bxh6 Nxc3 17. bxc3 Qd5 18. Qe2 Qc5 19. Bd2 b5 20. O-O f5 21. Nd4
Nxd4 22. cxd4 Qxd4 23. Bb4 Bxb4 24. gxf5 Bc4 25. axb4 Bxd3 26. Rxd3 Qf4 27. Rf3
Rxc2 28. Qd3 Rd2 29. Qc3 Rc2 30. Qa3 Qe4 31. f6 Rxf6 32. Rxf6 gxf6 33. Qxa6 Rc7
34. Qa2+ Kh8 35. f3 Rg7+ 36. Kh1 Qxb4 37. Qe6 Qh4 38. Rd1 Qg5 39. Qg4 Qxg4 40.
hxg4 Rb7 41. f4 exf4 42. Kg2 b4 43. Kf3 b3 44. Kxf4 b2 45. Rb1 Kg7 0-1

[Event "Copenhagen Chess Challenge 2007"]
[Site "Ballerup"]
[Date "2007.??.??"]
[Round "4"]
[White "Gajic, Mladen"]
[Black "Hansen, Martin"]
[Result "1-0"]
[WhiteElo "2094"]
[BlackElo "2050"]
[PlyCount "77"]
[EventDate "2007.??.??"]
[EventType "swiss"]
[EventRounds "9"]
[EventCountry "DEN"]

1. b3 d5 2. Bb2 c5 3. e3 Nf6 4. f4 g6 5. Nf3 Bg7 6. Bb5+ Bd7 7. Be2 O-O 8. Ne5
Nc6 9. Bf3 e6 10. O-O Ne8 11. d4 Qc7 12. Nc3 Nxe5 13. fxe5 f6 14. exf6 Nxf6 15.
a4 Rac8 16. Re1 b6 17. Re2 Ne8 18. Nb5 Bxb5 19. axb5 Nd6 20. dxc5 bxc5 21. Bxg7
Kxg7 22. Qd3 Rb8 23. c4 dxc4 24. bxc4 Nf7 25. Rea2 Qe5 26. Rxa7 Kg8 27. Qe4 Qf6
28. Rf1 Ng5 29. Qf4 Qd8 30. Qc7 Qf6 31. Qg3 Ne4 32. Qe1 Nd6 33. Ra4 Qe5 34. Kh1
Qf5 35. Ra7 Nxc4 36. Qh4 g5 37. Qxc4 g4 38. Be2 Qd5 39. Qxg4+ 1-0

[Event "Copenhagen Chess Challenge 2007"]
[Site "Ballerup"]
[Date "2007.??.??"]
[Round "4"]
[White "Glud, Jakob Vang"]
[Black "Grandelius, Nils"]
[Result "0-1"]
[WhiteElo "2425"]
[BlackElo "2192"]
[PlyCount "76"]
[EventDate "2007.??.??"]
[EventType "swiss"]
[EventRounds "9"]
[EventCountry "DEN"]

1. c4 Nf6 2. g3 c6 3. Nf3 d5 4. b3 Bg4 5. Bg2 e6 6. O-O Nbd7 7. Bb2 Bd6 8. d3
O-O 9. Nbd2 Re8 10. Qc2 e5 11. h3 Be6 12. Rac1 a5 13. cxd5 cxd5 14. Ng5 Bf5 15.
e4 dxe4 16. Ngxe4 Bb8 17. Nc4 Ra6 18. Nxf6+ Nxf6 19. Bxb7 Bxd3 20. Rfd1 Qc7 21.
Rxd3 Qxb7 22. Qd2 Ne4 23. Rd8 Rae6 24. Nxa5 Qa6 25. Qd3 Qxd3 26. Rxd3 Ba7 27.
Kg2 Bxf2 28. g4 g6 29. Rc4 f5 30. Rf3 Bb6 31. Ra4 Nc5 32. Rc4 e4 33. Rf1 Nd3
34. Bc3 f4 35. Nc6 f3+ 36. Kg3 Bc7+ 37. Kh4 Nf4 38. g5 Ng2+ 0-1

[Event "Copenhagen Chess Challenge 2007"]
[Site "Ballerup"]
[Date "2007.??.??"]
[Round "4"]
[White "Haubro, Sigfred"]
[Black "Brondt, Nicolai Kvist"]
[Result "0-1"]
[WhiteElo "2185"]
[BlackElo "1637"]
[PlyCount "85"]
[EventDate "2007.??.??"]
[EventType "swiss"]
[EventRounds "9"]
[EventCountry "DEN"]

1. e4 c6 2. d4 d5 3. exd5 cxd5 4. c4 Nf6 5. Nc3 e6 6. Nf3 Bb4 7. a3 Bxc3+ 8.
bxc3 O-O 9. Qc2 Qc7 10. c5 b6 11. cxb6 axb6 12. Bd3 Ba6 13. O-O Bxd3 14. Qxd3
Rc8 15. Bb2 Qc4 16. Qe3 Nc6 17. h4 Ne4 18. h5 h6 19. g4 Ne7 20. Rab1 Qc7 21.
Ne5 f6 22. Nd3 f5 23. Ne5 fxg4 24. c4 Nf5 25. Qd3 Qe7 26. Bc1 Qh4 27. Kg2 g3
28. fxg3 dxc4 29. gxh4 cxd3 30. Nxd3 Rc2+ 31. Kf3 Nd2+ 32. Bxd2 Rxd2 33. Rfd1
Rxd1 34. Rxd1 Rxa3 35. Ke4 Ra4 36. Nf4 Kf7 37. Ke5 Ra5+ 38. d5 Ne3 39. Rd4 Nxd5
40. Kd6 Nxf4 41. Rxf4+ Rf5 42. Rc4 Rd5+ 43. Kc6 0-1

[Event "Copenhagen Chess Challenge 2007"]
[Site "Ballerup"]
[Date "2007.??.??"]
[Round "4"]
[White "Ivanov, Mikhail"]
[Black "Rasmussen, Allan Stig"]
[Result "1-0"]
[WhiteElo "2450"]
[BlackElo "2418"]
[PlyCount "91"]
[EventDate "2007.??.??"]
[EventType "swiss"]
[EventRounds "9"]
[EventCountry "DEN"]

1. Nf3 d5 2. g3 Nf6 3. Bg2 e6 4. d4 c5 5. O-O Nc6 6. c4 dxc4 7. Na3 cxd4 8.
Nxc4 Bc5 9. a3 a5 10. Bf4 O-O 11. Rc1 Qe7 12. Qc2 Nd5 13. Bd2 Bd7 14. Ng5 g6
15. Ne4 Ba7 16. Ned6 Rab8 17. Nb5 Bc5 18. h4 b6 19. Bg5 f6 20. Bh6 Rfd8 21. Qb3
Be8 22. Nd2 Ne5 23. a4 Ng4 24. Bxd5 Rxd5 25. Bf4 Rc8 26. Ne4 Bf7 27. Qf3 h5 28.
Bd6 Qd8 29. Na7 Ra8 30. Nc6 Qd7 31. Ne7+ Kg7 32. Nxd5 exd5 33. Nxc5 Qxd6 34.
Nd3 Qd7 35. Qf4 Qxa4 36. Rc7 Re8 37. Qd6 Rxe2 38. Rfc1 Qe8 39. Qxd5 Rd2 40. Re1
Ne5 41. Nxe5 fxe5 42. Rxe5 Rd1+ 43. Kh2 Kf6 44. Qd6+ Be6 45. Rc6 Qxc6 46. Rxe6+
1-0

[Event "Copenhagen Chess Challenge 2007"]
[Site "Ballerup"]
[Date "2007.??.??"]
[Round "4"]
[White "Lund, Silas"]
[Black "Skovgaard, Peter Nicolai"]
[Result "1-0"]
[WhiteElo "2309"]
[BlackElo "2243"]
[PlyCount "77"]
[EventDate "2007.??.??"]
[EventType "swiss"]
[EventRounds "9"]
[EventCountry "DEN"]

1. d4 Nf6 2. c4 c5 3. d5 e6 4. Nc3 exd5 5. cxd5 d6 6. Nf3 g6 7. Bg5 h6 8. Bh4
g5 9. Bg3 Nh5 10. e3 Nxg3 11. hxg3 Bg7 12. Bd3 Nd7 13. Qc2 a6 14. a4 Qc7 15.
O-O O-O 16. Rfc1 Re8 17. Ra2 Nf6 18. a5 Qe7 19. Nd2 h5 20. Bf5 h4 21. gxh4 gxh4
22. Ra4 Bxf5 23. Qxf5 Qe5 24. Qxe5 Rxe5 25. Nf3 Rf5 26. Nxh4 Rh5 27. Rd1 Rb8
28. g3 b5 29. axb6 Rxb6 30. Rd2 Nd7 31. Kg2 Kf8 32. e4 Bxc3 33. bxc3 Nf6 34. f3
Rg5 35. Nf5 Kg8 36. g4 Rb3 37. Rc2 Rb6 38. Rca2 Rb3 39. R4a3 1-0

[Event "Copenhagen Chess Challenge 2007"]
[Site "Ballerup"]
[Date "2007.??.??"]
[Round "4"]
[White "Mikkelsen, Nikolaj"]
[Black "Peschardt, Soren"]
[Result "1-0"]
[WhiteElo "2305"]
[BlackElo "2152"]
[PlyCount "109"]
[EventDate "2007.??.??"]
[EventType "swiss"]
[EventRounds "9"]
[EventCountry "DEN"]

1. e4 c5 2. Nf3 Nc6 3. Bb5 e6 4. O-O Nge7 5. c3 d5 6. exd5 exd5 7. d4 a6 8.
Bxc6+ Nxc6 9. dxc5 Bxc5 10. Re1+ Be6 11. Be3 Bxe3 12. Rxe3 O-O 13. Nd4 Qb6 14.
Qb3 Qc5 15. Qa3 Qb6 16. Qb3 Qc5 17. Rd3 Qc4 18. Qd1 Nxd4 19. Rxd4 Qb5 20. Qb3
Qxb3 21. axb3 Rfd8 22. Nd2 Kf8 23. Nf1 Rd6 24. Ne3 Rad8 25. Kf1 g6 26. Ra5 Ke7
27. h4 h5 28. Ke2 Rb6 29. b4 Rbd6 30. f3 f5 31. g3 b5 32. Ng2 Kf6 33. Nf4 Bc8
34. Kf2 Bb7 35. Ra1 Re8 36. Rad1 Red8 37. Re1 Rc8 38. Red1 Rcd8 39. Nd3 Bc8 40.
Nc5 Kf7 41. Ke3 Re8+ 42. Kf4 Be6 43. Kg5 Rc6 44. Re1 Rd6 45. Nd3 Rg8 46. Nf4
Ra8 47. Re5 a5 48. Nxe6 Rxe6 49. Rdxd5 Rxe5 50. Rxe5 axb4 51. Rxb5 bxc3 52.
bxc3 Rc8 53. Rb7+ Kf8 54. Kxg6 Rxc3 55. Rf7+ 1-0

[Event "Copenhagen Chess Challenge 2007"]
[Site "Ballerup"]
[Date "2007.??.??"]
[Round "4"]
[White "Nicolajsen, Esben"]
[Black "Mejvik, Jacob"]
[Result "0-1"]
[WhiteElo "1887"]
[BlackElo "2003"]
[PlyCount "66"]
[EventDate "2007.??.??"]
[EventType "swiss"]
[EventRounds "9"]
[EventCountry "DEN"]

1. d4 Nf6 2. Nf3 g6 3. c4 Bg7 4. Nc3 O-O 5. e4 d6 6. Bd3 e5 7. d5 Nbd7 8. Be3
a5 9. a4 Nc5 10. Bc2 Bd7 11. h3 Nh5 12. Qc1 Qe8 13. Nb5 Bxb5 14. axb5 Nf4 15.
Bxf4 exf4 16. Qxf4 Bxb2 17. O-O Bxa1 18. Rxa1 Nd7 19. Qh6 Nf6 20. e5 dxe5 21.
Re1 Qd7 22. Rxe5 Rfe8 23. Rg5 Qe7 24. Ne5 Qf8 25. Qh4 Qg7 26. c5 Nxd5 27. Bb3
Rxe5 28. Bxd5 Rae8 29. Bxb7 Rxg5 30. Qxg5 Re1+ 31. Kh2 Qe5+ 32. Qg3 Qxg3+ 33.
Kxg3 Re5 0-1

[Event "Copenhagen Chess Challenge 2007"]
[Site "Ballerup"]
[Date "2007.??.??"]
[Round "4"]
[White "Nielsen, Jan Mose"]
[Black "Tikkanen, Hans"]
[Result "0-1"]
[WhiteElo "2131"]
[BlackElo "2335"]
[PlyCount "104"]
[EventDate "2007.??.??"]
[EventType "swiss"]
[EventRounds "9"]
[EventCountry "DEN"]

1. e4 g6 2. c3 Bg7 3. d3 d5 4. Be2 e5 5. Qb3 Nf6 6. Bg5 c6 7. Nd2 O-O 8. Ngf3
Re8 9. Nf1 Nbd7 10. Qc2 Qc7 11. Ng3 Nf8 12. Qc1 Ne6 13. h4 Nf4 14. Bxf6 Bxf6
15. Rh2 h5 16. Qc2 Qb6 17. Qb3 Qa6 18. Qc2 Bg4 19. Nf1 Bxf3 20. gxf3 Bxh4 21.
Ne3 Bg5 22. a3 d4 23. Ng2 c5 24. Nxf4 Bxf4 25. Rh1 Qf6 26. Bf1 Bh6 27. Ke2 Rad8
28. Bg2 Rd6 29. c4 Qe7 30. Bh3 Rf6 31. Qa4 Rd8 32. Rab1 Ra6 33. Qc2 Rdd6 34.
Rbg1 Rf6 35. Rb1 Ra5 36. a4 Raa6 37. b3 Rfb6 38. Qa2 Kf8 39. Qc2 Rb4 40. Rhg1
Ke8 41. Rh1 Ra5 42. Rhg1 Qc7 43. Rh1 Qb6 44. Bc8 Bf4 45. Bh3 Ke7 46. Rhg1 Kd6
47. Rh1 Qd8 48. Rhg1 Ra6 49. Rh1 Qa5 50. Rhg1 Rbb6 51. Ra1 Qc3 52. Qxc3 dxc3
0-1